000 00293nam a2200121Ia 4500
008 190216s9999||||xx |||||||||||||| ||und||
100 _aAruna Jethwani
245 0 _aLanguage Of Love
260 _bSterling Publications
_c1995
300 _a93p
650 _aEnglish Short Stories
942 _cBK
999 _c14086
_d14086